| 000 | 00474cam a2200169 4500 | ||
|---|---|---|---|
| 001 | BIIH005747 | ||
| 008 | 1970 spa | ||
| 035 | _aBIIH005747 | ||
| 050 | 4 |
_aLA421 _b.5 L85 1970 |
|
| 100 | 1 | _aLuque Alcaide, Elisa | |
| 245 | 3 |
_aLa Educacion en Nueva EspaƱa en el siglo XVIII / _cElisa Luque Alcaide. |
|
| 260 | a | n | _c1970 |
| 300 |
_axliv, 403 p. ; _c24 cm. |
||
| 500 | _a1 ejemplar | ||
| 650 | 4 |
_aEducacion _xMexico _xHistoria |
|
| 942 |
_2lcc _cLIB |
||
| 999 |
_c70107 _d70107 |
||